Loading...
| Fine Arts - Classical Music | 7 | 14.29 | 1,614% | 371% | 486% |
| Fine Arts - Other | 6 | 15.00 | 2,283% | 350% | 250% |
| Fine Arts - Painting & Sculpture | 12 | 14.17 | 3,300% | 367% | 333% |
| History - American | 5 | 18.00 | 2,900% | 740% | 220% |
| History - European | 8 | 18.75 | 3,663% | 375% | 500% |
| History - Other | 8 | 18.75 | 2,113% | 475% | 425% |
| History - World | 9 | 15.56 | 3,444% | 289% | 322% |
| Literature - American | 10 | 21.00 | 3,640% | 420% | 570% |
| Literature - British | 5 | 16.00 | 2,980% | 220% | 500% |
| Literature - European | 9 | 18.89 | 5,778% | 267% | 544% |
| Literature - World | 8 | 18.75 | 3,675% | 388% | 525% |
| Mythology | 7 | 20.00 | 4,143% | 457% | 714% |
| Other | 4 | 20.00 | 2,925% | 550% | 475% |
| Philosophy | 6 | 10.00 | 1,350% | 217% | 400% |
| Religion | 9 | 18.89 | 4,156% | 433% | 378% |
| Science - Biology | 10 | 17.00 | 3,720% | 340% | 610% |
| Science - Chemistry | 5 | 20.00 | 4,520% | 500% | 580% |
| Science - Other | 8 | 16.25 | 2,825% | 250% | 713% |
| Science - Physics | 8 | 18.75 | 4,650% | 325% | 575% |
| Social Science | 6 | 20.00 | 5,933% | 300% | 583% |